| 000 | 00814nam a22002297a 4500 | ||
|---|---|---|---|
| 999 |
_c16019 _d16019 |
||
| 003 | AR-CdUCM | ||
| 008 | 190328b ||||| |||| 00| 0 eng d | ||
| 020 | _a84-204-5830-9 | ||
| 040 |
_aMUNICIPALIDAD PROVINCIAL DEL CUSCO _cBIBLIOTECA MUNICIPAL DEL CUSCO |
||
| 082 |
_aPI / 803 / _bF74 |
||
| 100 |
_aFonseca, Migdalia. _935286 |
||
| 245 |
_a¡Quítate esa gorra! : _bDerecho a la integración de todos los niños diferentes / |
||
| 260 |
_aEspaña : _bAlfaguara, _bUnicef, _c2000. |
||
| 300 |
_a31 páginas ; _bilustraciones a color, _c28 cm. |
||
| 440 |
_aColección derechos del niño. _n5 _935287 |
||
| 505 | _aContenido : Cuentos. | ||
| 650 |
_aCuentos infantiles. _93927 |
||
| 650 |
_aSiglo XX _98 |
||
| 700 |
_aMartínez, Enrique (Ilustraciones) _935288 |
||
| 942 |
_2ddc _cLIBROS |
||
| 945 |
_arum _d2019-04-30 |
||